[Event "9. Copenhagen Open Politiken Cup"]
[Site "Copenhagen"]
[Date "1987.??.??"]
[Round "6"]
[White "Plachetka, Jan"]
[Black "Brinck Claussen, Bjorn"]
[Result "1-0"]
[WhiteElo "2435"]
[BlackElo "2395"]
[PlyCount "93"]
[EventDate "1987.??.??"]
[EventType "swiss"]
[EventRounds "10"]
[EventCountry "DEN"]
[SourceDate "2004.01.01"]

1. e4 e5 2. Nf3 Nc6 3. Bb5 a6 4. Ba4 Nf6 5. O-O Nxe4 6. d4 b5 7. Bb3 d5 8. Nxe5
Nxe5 9. dxe5 c6 10. Be3 Qh4 11. c3 Be7 12. Nd2 Nxd2 13. Qxd2 Bf5 14. Bc2 Qh5
15. f4 Qg6 16. Bxf5 Qxf5 17. Rae1 O-O 18. Qf2 Rfe8 19. h3 h5 20. Qf3 h4 21. Bf2
Rad8 22. Qg4 g6 23. b4 Qxg4 24. hxg4 d4 25. cxd4 Bxb4 26. Re2 Bc3 27. Rd1 g5
28. Re4 Rd5 29. Rc1 b4 30. f5 a5 31. Kf1 Kf8 32. Ke2 c5 33. dxc5 Rexe5 34. Rxe5
Bxe5 35. c6 Bc7 36. Be3 f6 37. Rd1 Rxd1 38. Kxd1 Ke8 39. Bc5 Be5 40. Kc2 Kd8
41. Bb6+ Bc7 42. Bd4 Ke7 43. Bc5+ Kd8 44. Kb3 Kc8 45. Kc4 Kd8 46. Kb5 Kc8 47.
Be7 1-0

[Event "9. Copenhagen Open Politiken Cup"]
[Site "Copenhagen"]
[Date "1987.??.??"]
[Round "6"]
[White "Poulsen, Allan"]
[Black "Iskov, Gert"]
[Result "0-1"]
[WhiteElo "2330"]
[BlackElo "2330"]
[PlyCount "122"]
[EventDate "1987.??.??"]
[EventType "swiss"]
[EventRounds "10"]
[EventCountry "DEN"]
[SourceDate "2004.01.01"]

1. e4 c5 2. Nf3 g6 3. c3 Bg7 4. d4 cxd4 5. cxd4 d6 6. Nc3 Bg4 7. Bc4 e6 8. Be3
Bxf3 9. gxf3 Ne7 10. Qa4+ Nd7 11. Bb5 a6 12. Bxd7+ Qxd7 13. Qxd7+ Kxd7 14. Na4
Nc8 15. d5 exd5 16. O-O-O b5 17. Nc3 Bxc3 18. bxc3 dxe4 19. h4 exf3 20. Bf4 Re8
21. Rh3 Re6 22. h5 Rf6 23. hxg6 hxg6 24. Bg3 Nb6 25. Be5 Re6 26. Bd4 Nd5 27.
Rxf3 f5 28. Rfd3 Nf4 29. R3d2 Ne2+ 30. Kb2 Rc8 31. Bg7 Rg8 32. Bd4 Rc8 33. Kb3
Rc4 34. Bg7 a5 35. a4 Rxa4 36. Bf8 Rc4 37. Rxd6+ Rxd6 38. Rxd6+ Ke8 39. Bg7 Kf7
40. Rd7+ Ke6 41. Rb7 a4+ 42. Kb2 a3+ 43. Kxa3 Nxc3 44. Kb3 Nd5 45. Rxb5 Rf4 46.
Ra5 Rxf2 47. Ra6+ Kf7 48. Bd4 Re2 49. Rd6 Nf4 50. Rf6+ Ke7 51. Ra6 Ne6 52. Ra7+
Kd6 53. Bf6 Kd5 54. Kc3 f4 55. Rf7 f3 56. Bh4 Ke4 57. Bg3 g5 58. Rf6 Nf4 59.
Ra6 f2 60. Ra1 Nd5+ 61. Kc4 f1=Q 0-1

[Event "9. Copenhagen Open Politiken Cup"]
[Site "Copenhagen"]
[Date "1987.??.??"]
[Round "6"]
[White "Rodgaard, John"]
[Black "Lukacs, Peter"]
[Result "1/2-1/2"]
[WhiteElo "2370"]
[BlackElo "2500"]
[PlyCount "40"]
[EventDate "1987.??.??"]
[EventType "swiss"]
[EventRounds "10"]
[EventCountry "DEN"]
[SourceDate "2004.01.01"]

1. c4 e5 2. e3 Nf6 3. Nc3 Bb4 4. Nge2 O-O 5. a3 Be7 6. d4 exd4 7. Nxd4 d5 8.
Nf3 Be6 9. Nd4 Bg4 10. f3 Bc8 11. cxd5 Nxd5 12. Ndb5 c6 13. e4 Nxc3 14. Qxd8
Rxd8 15. Nxc3 Be6 16. Be3 Nd7 17. Ne2 Ne5 18. Nd4 Bc4 19. O-O-O Bf6 20. b3 Bxf1
1/2-1/2

[Event "9. Copenhagen Open Politiken Cup"]
[Site "Copenhagen"]
[Date "1987.??.??"]
[Round "6"]
[White "Stein, Bernd"]
[Black "Hamann, Svend"]
[Result "1/2-1/2"]
[WhiteElo "2385"]
[BlackElo "2385"]
[PlyCount "44"]
[EventDate "1987.??.??"]
[EventType "swiss"]
[EventRounds "10"]
[EventCountry "DEN"]
[SourceDate "2004.01.01"]

1. b3 d5 2. Bb2 Bg4 3. Nf3 Bxf3 4. exf3 e6 5. g3 Nf6 6. Bg2 Nbd7 7. f4 c6 8.
O-O g6 9. d3 Bg7 10. Nd2 Nh5 11. Bxg7 Nxg7 12. Nf3 O-O 13. Qd2 a5 14. Rfe1 Qb6
15. h4 Nf6 16. Ne5 Nf5 17. Kh2 Rfd8 18. Bh3 h5 19. Kg2 Qb4 20. c3 Qd6 21. Bxf5
exf5 22. Re2 d4 1/2-1/2

[Event "9. Copenhagen Open Politiken Cup"]
[Site "Copenhagen"]
[Date "1987.??.??"]
[Round "6"]
[White "Sorensen, Henrik"]
[Black "Wicker, Kevin J"]
[Result "1/2-1/2"]
[WhiteElo "2250"]
[BlackElo "2295"]
[PlyCount "86"]
[EventDate "1987.??.??"]
[EventType "swiss"]
[EventRounds "10"]
[EventCountry "DEN"]
[SourceDate "2004.01.01"]

1. d4 e6 2. Nf3 c5 3. c3 b6 4. e4 Bb7 5. Bd3 c4 6. Bc2 d5 7. e5 Qd7 8. h4 Nc6
9. h5 O-O-O 10. Nbd2 f6 11. Qe2 Nh6 12. Nf1 Nf7 13. Bf4 fxe5 14. dxe5 b5 15.
Rd1 Bc5 16. Ng3 Qc7 17. O-O Rdg8 18. Rfe1 g5 19. Be3 Be7 20. Nd4 Nxd4 21. Bxd4
a6 22. Qg4 Nd8 23. Re3 Rf8 24. Ne2 Bc6 25. Re1 Bd7 26. Rf3 Nf7 27. Qg3 h6 28.
Bg6 Nd8 29. Rxf8 Rxf8 30. Qe3 Nb7 31. b4 cxb3 32. axb3 Nc5 33. Bc2 Be8 34. Ra1
Bxh5 35. b4 Na4 36. Bxa4 bxa4 37. Rxa4 Qc4 38. Ng3 Be8 39. Ra5 Bb5 40. Ba7 Rf4
41. Ra1 Kd7 42. Rd1 Ke8 43. Bd4 Ba4 1/2-1/2

[Event "9. Copenhagen Open Politiken Cup"]
[Site "Copenhagen"]
[Date "1987.??.??"]
[Round "6"]
[White "Van Mil, Johan"]
[Black "Jansa, Vlastimil"]
[Result "1-0"]
[WhiteElo "2395"]
[BlackElo "2465"]
[PlyCount "57"]
[EventDate "1987.??.??"]
[EventType "swiss"]
[EventRounds "10"]
[EventCountry "DEN"]
[SourceDate "2004.01.01"]

1. e4 c5 2. Nf3 e6 3. d4 cxd4 4. Nxd4 Nf6 5. Nc3 d6 6. f4 a6 7. a4 Nc6 8. Nf3
Be7 9. Bd3 b6 10. O-O Bb7 11. Qe1 Nb4 12. Qg3 Nxd3 13. cxd3 O-O 14. Be3 Re8 15.
Rad1 Rb8 16. f5 e5 17. d4 exd4 18. Bxd4 Rc8 19. Rfe1 Qc7 20. Kh1 Bc6 21. e5
dxe5 22. Bxe5 Qb7 23. Nd4 Rcd8 24. Nxc6 Qxc6 25. Nd5 Rxd5 26. Rxd5 Nh5 27. Qf3
Bf8 28. Rdd1 Nf6 29. Qxc6 1-0

[Event "9. Copenhagen Open Politiken Cup"]
[Site "Copenhagen"]
[Date "1987.??.??"]
[Round "6"]
[White "Way, J."]
[Black "Hutters, Tomas"]
[Result "0-1"]
[WhiteElo "2300"]
[BlackElo "2335"]
[PlyCount "70"]
[EventDate "1987.??.??"]
[EventType "swiss"]
[EventRounds "10"]
[EventCountry "DEN"]
[SourceDate "2004.01.01"]

1. d4 Nf6 2. c4 g6 3. Nc3 Bg7 4. e4 O-O 5. Nge2 d6 6. Ng3 c5 7. d5 e6 8. Be2
exd5 9. cxd5 Nbd7 10. O-O a6 11. a4 Rb8 12. f4 Re8 13. Qc2 Qc7 14. Kh1 c4 15.
a5 b5 16. axb6 Nxb6 17. Na4 Bd7 18. Nxb6 Qxb6 19. Qxc4 Bb5 20. Qc2 Rbc8 21. Qb3
Nxe4 22. Nxe4 Rxe4 23. Bf3 Qf2 24. Qd1 Bxf1 25. Bxe4 Rc2 26. Bd2 Bxg2+ 27. Bxg2
Rxd2 28. Qf1 Qh4 29. Rxa6 Bxb2 30. Ra8+ Kg7 31. Re8 Rf2 32. Qe1 Qxf4 33. Re4
Qf6 34. h3 Rc2 35. Re2 Rc1 0-1

[Event "9. Copenhagen Open Politiken Cup"]
[Site "Copenhagen"]
[Date "1987.??.??"]
[Round "7"]
[White "Berg, Klaus"]
[Black "Lanc, Alois"]
[Result "1/2-1/2"]
[WhiteElo "2365"]
[BlackElo "2495"]
[PlyCount "72"]
[EventDate "1987.??.??"]
[EventType "swiss"]
[EventRounds "10"]
[EventCountry "DEN"]
[SourceDate "2004.01.01"]

1. d4 Nf6 2. Nf3 e6 3. g3 b6 4. Bg2 Bb7 5. O-O d5 6. c4 dxc4 7. Qa4+ Nbd7 8.
Ne5 Bxg2 9. Kxg2 Qc8 10. Qc6 Rb8 11. Nc3 a6 12. Nxd7 Qxd7 13. Qxc4 b5 14. Qd3
c5 15. Rd1 cxd4 16. Qf3 Rc8 17. e3 d3 18. e4 b4 19. Rxd3 Qc6 20. Nd5 exd5 21.
exd5 Qd7 22. d6 Qc6 23. Bf4 Kd7 24. a3 Nh5 25. Rd5 Nf6 26. Rad1 Nxd5 27. Rxd5
f5 28. Qd3 g6 29. Qd4 Rb8 30. Kh3 Rg8 31. Rc5 Qe4 32. Rc7+ Ke6 33. Qa7 Qa8 34.
Qe3+ Qe4 35. Qa7 Qa8 36. Qe3+ Qe4 1/2-1/2

[Event "9. Copenhagen Open Politiken Cup"]
[Site "Copenhagen"]
[Date "1987.??.??"]
[Round "7"]
[White "Bjerring, Kai"]
[Black "Hvenekilde, Jorgen"]
[Result "1-0"]
[WhiteElo "2280"]
[BlackElo "2295"]
[PlyCount "79"]
[EventDate "1987.??.??"]
[EventType "swiss"]
[EventRounds "10"]
[EventCountry "DEN"]
[SourceDate "2004.01.01"]

1. e4 e6 2. d4 d5 3. Nc3 Bb4 4. e5 c5 5. a3 Bxc3+ 6. bxc3 Qc7 7. Qg4 f5 8. Qg3
cxd4 9. cxd4 Ne7 10. c3 O-O 11. f4 Bd7 12. a4 Rc8 13. Bd2 Nbc6 14. Bd3 Na5 15.
Ne2 Qd8 16. Ra2 Qe8 17. O-O Bxa4 18. Rfa1 b5 19. Qf3 Nb3 20. Rb1 Nxd2 21. Rxd2
Rab8 22. g4 Qf7 23. Rdb2 a6 24. Kf2 Rc7 25. Ke3 Rbc8 26. Kd2 g6 27. h4 Nc6 28.
h5 Na5 29. hxg6 hxg6 30. Rh1 Nc4+ 31. Bxc4 Rxc4 32. Qh3 Qg7 33. gxf5 exf5 34.
Qg2 Qf7 35. Rh6 Kg7 36. Qh1 Qg8 37. Qh4 R4c6 38. Rb1 Re6 39. Rh1 Kf7 40. Rh7+
1-0

[Event "9. Copenhagen Open Politiken Cup"]
[Site "Copenhagen"]
[Date "1987.??.??"]
[Round "7"]
[White "Conquest, Stuart"]
[Black "Rodgaard, John"]
[Result "1-0"]
[WhiteElo "2445"]
[BlackElo "2370"]
[PlyCount "75"]
[EventDate "1987.??.??"]
[EventType "swiss"]
[EventRounds "10"]
[EventCountry "DEN"]
[SourceDate "2004.01.01"]

1. d4 d5 2. c4 c6 3. Nc3 Nf6 4. Nf3 e6 5. Bg5 Nbd7 6. e3 Be7 7. Bd3 O-O 8. O-O
dxc4 9. Bxc4 Nd5 10. Bxe7 Qxe7 11. Rc1 Nxc3 12. Rxc3 b6 13. Qc2 h6 14. Bd3 c5
15. Bb5 Bb7 16. Bxd7 Qxd7 17. dxc5 Bxf3 18. gxf3 Qd5 19. e4 Qg5+ 20. Kh1 bxc5
21. Rxc5 e5 22. Rd1 Rfe8 23. b4 Re6 24. Rg1 Qf6 25. Qc3 a6 26. a4 Kh7 27. Rd5
Rc6 28. Rc5 Rd6 29. Rg3 Rd4 30. Rc7 Rad8 31. Qb3 Kg8 32. Kg2 h5 33. h4 Rd3 34.
Qc4 R3d4 35. Qc5 Rd2 36. Qe7 Qxe7 37. Rxe7 f6 38. Rgxg7+ 1-0

[Event "9. Copenhagen Open Politiken Cup"]
[Site "Copenhagen"]
[Date "1987.??.??"]
[Round "7"]
[White "Crawley, Gavin"]
[Black "Hazai, Laszlo"]
[Result "1-0"]
[WhiteElo "2345"]
[BlackElo "2465"]
[PlyCount "79"]
[EventDate "1987.??.??"]
[EventType "swiss"]
[EventRounds "10"]
[EventCountry "DEN"]
[SourceDate "2004.01.01"]

1. e4 e5 2. Nf3 Nc6 3. Bb5 a6 4. Bxc6 dxc6 5. Nc3 Bd6 6. d4 exd4 7. Qxd4 f6 8.
Be3 Ne7 9. O-O-O O-O 10. Qc4+ Kh8 11. Bc5 Bf4+ 12. Kb1 Qe8 13. Rhe1 b5 14. Qd3
Bg4 15. h3 Bxf3 16. Qxf3 Be5 17. Qe3 Rf7 18. f4 Bxc3 19. Qxc3 Ng6 20. Qd2 Nf8
21. Bxf8 Qxf8 22. e5 fxe5 23. fxe5 Re8 24. Qa5 Qc5 25. e6 Rf2 26. Rd2 h6 27. a3
Rxd2 28. Qxd2 Qd5 29. Qe2 Re7 30. h4 c5 31. Qg4 c4 32. Qg6 Kg8 33. Kc1 c3 34.
bxc3 Qa2 35. Re3 Qa1+ 36. Kd2 Qf1 37. Rf3 Qc4 38. Rf7 Qd5+ 39. Kc1 Rxf7 40.
Qxf7+ 1-0

[Event "9. Copenhagen Open Politiken Cup"]
[Site "Copenhagen"]
[Date "1987.??.??"]
[Round "7"]
[White "Fries Nielsen, Jens Ove"]
[Black "Clausen, Steen"]
[Result "1-0"]
[WhiteElo "2350"]
[BlackElo "2270"]
[PlyCount "65"]
[EventDate "1987.??.??"]
[EventType "swiss"]
[EventRounds "10"]
[EventCountry "DEN"]
[SourceDate "2004.01.01"]

1. e4 c5 2. Nf3 d6 3. c3 Nf6 4. Be2 e6 5. O-O Be7 6. d3 O-O 7. Nbd2 Nc6 8. Re1
Rb8 9. a3 b5 10. h3 Qc7 11. d4 cxd4 12. cxd4 Rd8 13. Bd3 e5 14. Qc2 Qb6 15. d5
Nd4 16. Nxd4 exd4 17. b4 Bb7 18. Bb2 Nd7 19. Nb3 Bf6 20. Qe2 Re8 21. Bxb5 Rbd8
22. Bxd7 Rxd7 23. Qd2 Rde7 24. Bxd4 Bxd4 25. Qxd4 f5 26. Qxb6 axb6 27. Nd4 Rxe4
28. Rxe4 fxe4 29. Nf5 Bxd5 30. Rd1 Be6 31. Nxd6 Ra8 32. Nxe4 Rxa3 33. Ng5 1-0

[Event "9. Copenhagen Open Politiken Cup"]
[Site "Copenhagen"]
[Date "1987.??.??"]
[Round "7"]
[White "Grooten, Herman"]
[Black "Douven, Rudy C"]
[Result "0-1"]
[WhiteElo "2340"]
[BlackElo "2425"]
[PlyCount "70"]
[EventDate "1987.??.??"]
[EventType "swiss"]
[EventRounds "10"]
[EventCountry "DEN"]
[SourceDate "2004.01.01"]

1. d4 Nf6 2. Nf3 e6 3. c4 b6 4. Nc3 Bb4 5. Qc2 Bb7 6. a3 Bxc3+ 7. Qxc3 d6 8. e3
Nbd7 9. b4 a5 10. b5 O-O 11. Bb2 Ne4 12. Qc2 f5 13. Be2 Ng5 14. Qd1 Nxf3+ 15.
Bxf3 Be4 16. O-O Qg5 17. Qe2 Rf6 18. g3 Rh6 19. Bg2 Nf6 20. f3 Qh5 21. Kf2 Qxh2
22. Rh1 Ng4+ 23. Ke1 Qxh1+ 24. Bxh1 Rxh1+ 25. Kd2 Rh2 26. fxg4 Rxe2+ 27. Kxe2
fxg4 28. c5 Rf8 29. cxd6 cxd6 30. Rc1 h5 31. a4 h4 32. gxh4 g3 33. Ba3 g2 34.
Bxd6 Rf1 35. Rxf1 Bd3+ 0-1

[Event "9. Copenhagen Open Politiken Cup"]
[Site "Copenhagen"]
[Date "1987.??.??"]
[Round "7"]
[White "Hamann, Svend"]
[Black "Yrjola, Jouni"]
[Result "1/2-1/2"]
[WhiteElo "2385"]
[BlackElo "2415"]
[PlyCount "98"]
[EventDate "1987.??.??"]
[EventType "swiss"]
[EventRounds "10"]
[EventCountry "DEN"]
[SourceDate "2004.01.01"]

1. d4 f5 2. g3 Nf6 3. Bg2 g6 4. c4 Bg7 5. Nc3 O-O 6. Nf3 d6 7. O-O Qe8 8. Re1
Qf7 9. Qd3 h6 10. b3 Nc6 11. Bb2 e5 12. dxe5 dxe5 13. e4 Be6 14. Rad1 Rad8 15.
Qe2 Nd4 16. Nxd4 exd4 17. exf5 Bxf5 18. Nd5 Rfe8 19. Nxf6+ Bxf6 20. Qd2 c6 21.
Qxh6 Bc2 22. Rxe8+ Rxe8 23. Rxd4 Re1+ 24. Bf1 Bxd4 25. Bxd4 Qe7 26. Qd2 Bf5 27.
Be3 Rb1 28. Kg2 Qe4+ 29. f3 Qc2 30. Qxc2 Bxc2 31. Bd4 a5 32. Kf2 a4 33. bxa4
Bxa4 34. Bd3 Rh1 35. h4 Kf7 36. c5 Bb5 37. Be4 Rh2+ 38. Ke3 Rxa2 39. Kf4 Rd2
40. Ke3 Rg2 41. g4 Ba4 42. h5 gxh5 43. gxh5 Bc2 44. h6 Bxe4 45. fxe4 Kg6 46.
Bg7 Rh2 47. Kd4 Rh5 48. Bf8 Kf7 49. Bg7 Kg6 1/2-1/2

[Event "9. Copenhagen Open Politiken Cup"]
[Site "Copenhagen"]
[Date "1987.??.??"]
[Round "7"]
[White "Hoi, Carsten"]
[Black "Agustsson, Johannes"]
[Result "1-0"]
[WhiteElo "2355"]
[BlackElo "2275"]
[PlyCount "67"]
[EventDate "1987.??.??"]
[EventType "swiss"]
[EventRounds "10"]
[EventCountry "DEN"]
[SourceDate "2004.01.01"]

1. d4 Nf6 2. c4 d6 3. Nc3 Nbd7 4. Nf3 c6 5. g3 e5 6. Bg2 Be7 7. O-O O-O 8. Qc2
Qc7 9. b3 a6 10. Bb2 b6 11. Rfd1 Re8 12. Rac1 Bb7 13. Ng5 Nf8 14. d5 Rac8 15.
Qd3 c5 16. f4 h6 17. Nge4 Nxe4 18. Nxe4 f5 19. Nf2 e4 20. Qe3 Qd8 21. g4 Bh4
22. gxf5 Bxf2+ 23. Qxf2 Nh7 24. e3 Rc7 25. Kh1 Bc8 26. Bh3 Rf8 27. Rg1 Bxf5 28.
Bxf5 Rxf5 29. Rg3 Rff7 30. Qg2 Nf6 31. Rg1 Kf8 32. Rg6 Qe7 33. Qh3 Ng8 34.
Bxg7+ 1-0

[Event "9. Copenhagen Open Politiken Cup"]
[Site "Copenhagen"]
[Date "1987.??.??"]
[Round "7"]
[White "Horvath, Gyula"]
[Black "Van Mil, Johan"]
[Result "1/2-1/2"]
[WhiteElo "2435"]
[BlackElo "2395"]
[PlyCount "120"]
[EventDate "1987.??.??"]
[EventType "swiss"]
[EventRounds "10"]
[EventCountry "DEN"]
[SourceDate "2004.01.01"]

1. Nf3 f5 2. d4 Nf6 3. Bg5 g6 4. Nbd2 Bg7 5. Bxf6 exf6 6. g3 O-O 7. c4 d6 8.
Bg2 c5 9. O-O Qb6 10. Qb3 Qxb3 11. Nxb3 Na6 12. Ne1 Rb8 13. Bd5+ Kh8 14. Nd3 b6
15. Rfd1 Nc7 16. Bf3 Be6 17. Rac1 Bh6 18. e3 Rfd8 19. Nf4 Bxf4 20. exf4 Kg7 21.
Nd2 Bf7 22. Bg2 Re8 23. Bc6 Re7 24. b3 Ne6 25. Nf3 Rc8 26. Bd5 Nd8 27. Bxf7
Kxf7 28. Kf1 Nc6 29. Rc2 Rcc7 30. Rcd2 Re4 31. h4 h5 32. dxc5 dxc5 33. Ng1 Rd4
34. Ne2 Rxd2 35. Rxd2 Ke6 36. Ke1 Rd7 37. Rxd7 Kxd7 38. Kd2 Ke6 39. a3 Kd6 40.
Kc3 Nd8 41. Kd3 Ne6 42. Nc3 Nc7 43. Kc2 a6 44. Kd3 Kc6 45. Nd1 Kd6 46. Ne3 Kc6
47. Kc3 Kd6 48. Nc2 Kc6 49. b4 Kd6 50. Kb3 Kc6 51. Ne3 Kd6 52. Kc3 Kc6 53. Kb2
cxb4 54. axb4 b5 55. Kc3 bxc4 56. Kxc4 Nb5 57. f3 Nd6+ 58. Kb3 Nb5 59. Kc4 Nd6+
60. Kb3 Nb5 1/2-1/2

[Event "9. Copenhagen Open Politiken Cup"]
[Site "Copenhagen"]
[Date "1987.??.??"]
[Round "7"]
[White "Horvath, Tamas"]
[Black "Karlsson, Lars"]
[Result "1/2-1/2"]
[WhiteElo "2395"]
[BlackElo "2480"]
[PlyCount "107"]
[EventDate "1987.??.??"]
[EventType "swiss"]
[EventRounds "10"]
[EventCountry "DEN"]
[SourceDate "2004.01.01"]

1. e4 c5 2. Nf3 Nc6 3. d4 cxd4 4. Nxd4 g6 5. c4 Bg7 6. Be3 Nf6 7. Nc3 b6 8. Be2
Bb7 9. O-O O-O 10. f3 Rc8 11. Qd2 Re8 12. Rfd1 Qc7 13. Rac1 Qb8 14. Bf1 Nh5 15.
b3 Be5 16. g3 Bd6 17. Nd5 Ba3 18. Rb1 Nxd4 19. Bxd4 Bc5 20. Ne3 Qd6 21. Bh3 e6
22. Qc3 Bb4 23. Qb2 Qf8 24. Bg2 f5 25. Nc2 Bd6 26. e5 Be7 27. Bf2 d6 28. Bd4
Rcd8 29. Ne1 dxe5 30. Bxe5 Bc5+ 31. Kf1 Rxd1 32. Rxd1 Rd8 33. Qe2 Rxd1 34. Qxd1
Qe7 35. Nd3 Qd7 36. Ke2 Bf8 37. Ne1 Qxd1+ 38. Kxd1 Bg7 39. Nd3 Nf6 40. Ke2 Nd7
41. Bd6 a6 42. c5 Bd4 43. cxb6 Bxb6 44. Ne5 Nxe5 45. Bxe5 g5 46. Bf1 Kf7 47.
Kd2 Bg1 48. h3 Bh2 49. Ke3 h5 50. Kd4 Bg1+ 51. Kc3 Bh2 52. Kd4 Bg1+ 53. Kc3 Bh2
54. Kd4 1/2-1/2

[Event "9. Copenhagen Open Politiken Cup"]
[Site "Copenhagen"]
[Date "1987.??.??"]
[Round "7"]
[White "Hutters, Tomas"]
[Black "Nilsson, Nils Specht"]
[Result "1/2-1/2"]
[WhiteElo "2335"]
[BlackElo "2230"]
[PlyCount "123"]
[EventDate "1987.??.??"]
[EventType "swiss"]
[EventRounds "10"]
[EventCountry "DEN"]
[SourceDate "2004.01.01"]

1. d4 Nf6 2. c4 e6 3. Nf3 Bb4+ 4. Nbd2 b6 5. a3 Bxd2+ 6. Bxd2 Ne4 7. g3 Bb7 8.
Bg2 Nxd2 9. Qxd2 Be4 10. O-O d5 11. cxd5 Qxd5 12. Rac1 c6 13. Bh3 Bxf3 14. exf3
Nd7 15. f4 Rc8 16. Qb4 a5 17. Qa4 Nb8 18. f5 O-O 19. fxe6 fxe6 20. Rfe1 Rce8
21. Re5 Qa2 22. Qc2 Nd7 23. Re2 Qd5 24. Qxc6 Qxd4 25. Qc4 Ne5 26. Qxd4 Nf3+ 27.
Kg2 Nxd4 28. Re4 e5 29. f4 Nb3 30. Rce1 Nc5 31. Rxe5 Rd8 32. R1e2 a4 33. Bf5 g6
34. Bb1 Kg7 35. Ba2 Rd7 36. Re7+ Rxe7 37. Rxe7+ Kh8 38. Re2 Kg7 39. h4 Rd8 40.
Re7+ Kh8 41. Re2 Kg7 42. Bb1 Rd1 43. Bc2 Rc1 44. g4 Nb3 45. Bxb3 axb3 46. Kf3
Rb1 47. Ke4 Kf6 48. Kd5 h5 49. gxh5 gxh5 50. Kc4 Rh1 51. Kxb3 Rxh4 52. Re4 Kf5
53. Rb4 Rxf4 54. Rxb6 h4 55. Rd6 h3 56. Rh6 Kg4 57. a4 Kg3 58. Rc6 h2 59. Rc1
Kg2 60. Rc2+ Rf2 61. Rc1 Rf3+ 62. Kc4 1/2-1/2

[Event "9. Copenhagen Open Politiken Cup"]
[Site "Copenhagen"]
[Date "1987.??.??"]
[Round "7"]
[White "Iskov, Gert"]
[Black "Danielsen, Henrik"]
[Result "1-0"]
[WhiteElo "2330"]
[BlackElo "2405"]
[PlyCount "83"]
[EventDate "1987.??.??"]
[EventType "swiss"]
[EventRounds "10"]
[EventCountry "DEN"]
[SourceDate "2004.01.01"]

1. e4 e6 2. d4 d5 3. exd5 exd5 4. Nf3 Nf6 5. c4 Bb4+ 6. Nc3 O-O 7. Bd3 Re8+ 8.
Be3 Bg4 9. O-O Nc6 10. Rc1 Qd7 11. h3 dxc4 12. Bxc4 Bxc3 13. Rxc3 Bh5 14. Bb5
Nd5 15. Rc5 f6 16. Qb3 Bf7 17. Bc4 Nce7 18. Qxb7 Reb8 19. Qa6 Rxb2 20. Bb3 Kh8
21. Re1 Nxe3 22. Bxf7 Nc2 23. Qe6 Rd8 24. Rxc2 Rxc2 25. Qxe7 Qxe7 26. Rxe7 a5
27. g3 a4 28. Kg2 a3 29. Re3 Ra8 30. Bd5 c6 31. Bb3 Rb2 32. Rc3 h5 33. Ne1 Rd2
34. Nc2 h4 35. g4 Ra6 36. Nb4 Ra8 37. Nxc6 Kh7 38. d5 Kg6 39. Rf3 Re8 40. Na5
Re1 41. Nc4 Rxd5 42. Nxa3 1-0

[Event "9. Copenhagen Open Politiken Cup"]
[Site "Copenhagen"]
[Date "1987.??.??"]
[Round "7"]
[White "Jansa, Vlastimil"]
[Black "Jacobsen, Bo"]
[Result "1-0"]
[WhiteElo "2465"]
[BlackElo "2285"]
[PlyCount "69"]
[EventDate "1987.??.??"]
[EventType "swiss"]
[EventRounds "10"]
[EventCountry "DEN"]
[SourceDate "2004.01.01"]

1. e4 e5 2. Nf3 Nc6 3. Bb5 Nf6 4. O-O d6 5. d4 Bd7 6. Re1 Be7 7. Nc3 exd4 8.
Nxd4 O-O 9. Bxc6 bxc6 10. Qf3 Re8 11. b3 g6 12. Bb2 c5 13. Nde2 Bf8 14. Nf4 Bg7
15. Nd3 Bc6 16. Rad1 Qc8 17. Nd5 Nxd5 18. Bxg7 Kxg7 19. exd5 Bd7 20. Rxe8 Qxe8
21. b4 cxb4 22. Re1 Qd8 23. Nxb4 Qf6 24. Qxf6+ Kxf6 25. Na6 Re8 26. Rxe8 Bxe8
27. Nxc7 Ba4 28. c3 a5 29. Kf1 Ke7 30. c4 Kd7 31. Nb5 Bxb5 32. cxb5 a4 33. Ke2
Kc7 34. Kd3 Kb6 35. Kc4 1-0

[Event "9. Copenhagen Open Politiken Cup"]
[Site "Copenhagen"]
[Date "1987.??.??"]
[Round "7"]
[White "Kristensen, Kaare Hove"]
[Black "Becx, Cesar"]
[Result "1/2-1/2"]
[WhiteElo "2330"]
[BlackElo "2295"]
[PlyCount "80"]
[EventDate "1987.??.??"]
[EventType "swiss"]
[EventRounds "10"]
[EventCountry "DEN"]
[SourceDate "2004.01.01"]

1. e4 e5 2. Nf3 Nc6 3. Bb5 f5 4. d3 fxe4 5. dxe4 Nf6 6. O-O Bc5 7. Bxc6 bxc6 8.
Nxe5 Qe7 9. Nd3 O-O 10. Nxc5 Qxc5 11. Nc3 Ba6 12. Re1 Ng4 13. Be3 Nxe3 14. fxe3
d6 15. Qd4 Qa5 16. Ne2 Rf7 17. c4 Raf8 18. Nf4 Qb6 19. Ne6 Re8 20. c5 Qb5 21.
a4 Qd3 22. Qxd3 Bxd3 23. Ng5 Rf6 24. Rad1 Bxe4 25. Rd4 Bxg2 26. Kxg2 Rg6 27. h4
h6 28. Rb4 hxg5 29. h5 dxc5 30. Rb7 Rge6 31. Rxa7 Rb8 32. Re2 Re7 33. a5 Kh7
34. a6 Kh6 35. Rc2 Kxh5 36. Rb7 Ra8 37. a7 Rxe3 38. Rxc5 Kg4 39. Rb4+ Kh5 40.
Kf2 Re6 1/2-1/2

[Event "9. Copenhagen Open Politiken Cup"]
[Site "Copenhagen"]
[Date "1987.??.??"]
[Round "7"]
[White "Pavlovic, Milos"]
[Black "Lukacs, Peter"]
[Result "1/2-1/2"]
[WhiteElo "2350"]
[BlackElo "2500"]
[PlyCount "25"]
[EventDate "1987.??.??"]
[EventType "swiss"]
[EventRounds "10"]
[EventCountry "DEN"]
[SourceDate "2004.01.01"]

1. d4 Nf6 2. Nf3 d5 3. c4 e6 4. g3 dxc4 5. Bg2 Bd7 6. Qc2 c5 7. Qxc4 Bc6 8. O-O
Nbd7 9. Nc3 b5 10. Qd3 b4 11. Nb1 Be7 12. Bg5 O-O 13. Nbd2 1/2-1/2

[Event "9. Copenhagen Open Politiken Cup"]
[Site "Copenhagen"]
[Date "1987.??.??"]
[Round "7"]
[White "Stein, Bernd"]
[Black "Brinck Claussen, Bjorn"]
[Result "0-1"]
[WhiteElo "2385"]
[BlackElo "2395"]
[PlyCount "54"]
[EventDate "1987.??.??"]
[EventType "swiss"]
[EventRounds "10"]
[EventCountry "DEN"]
[SourceDate "2004.01.01"]

1. b3 e5 2. Bb2 Nc6 3. c4 Nf6 4. e3 d5 5. cxd5 Nxd5 6. a3 Bd6 7. Qc2 O-O 8. Nf3
Qe7 9. d3 f5 10. Nbd2 Kh8 11. Nc4 Bd7 12. Be2 Rae8 13. O-O Rf6 14. d4 e4 15.
Nfe5 Bxe5 16. Nxe5 Nxe5 17. dxe5 Rh6 18. g3 Bc6 19. Rfd1 f4 20. Rxd5 Bxd5 21.
exf4 Qe6 22. g4 Rh3 23. f5 Qh6 24. Bc1 e3 25. Bxe3 Rxe3 26. fxe3 Qxe3+ 27. Kf1
Qxe5 0-1

[Event "9. Copenhagen Open Politiken Cup"]
[Site "Copenhagen"]
[Date "1987.??.??"]
[Round "7"]
[White "Way, J."]
[Black "Rewitz, Poul"]
[Result "1/2-1/2"]
[WhiteElo "2300"]
[BlackElo "2250"]
[PlyCount "31"]
[EventDate "1987.??.??"]
[EventType "swiss"]
[EventRounds "10"]
[EventCountry "DEN"]
[SourceDate "2004.01.01"]

1. d4 g6 2. c4 Bg7 3. Nc3 d6 4. e4 Nc6 5. Nge2 e5 6. Be3 exd4 7. Nxd4 Nge7 8.
Be2 O-O 9. Qd2 f5 10. exf5 Bxd4 11. Bxd4 Nxf5 12. Be3 Nxe3 13. Qxe3 Bf5 14. Nd5
Qd7 15. O-O Rae8 16. Qd2 1/2-1/2